{"text_format":"3","workbook":"xlsx","n_sheets":1,"sheets":["仪控"],"not_rendered":{"defined_names":1},"read":"whole","date_system":"1900"}

{"sheet":"仪控","index":0,"n_rows":96,"n_cols":13,"rows_kept":96,"merged":[[0,0,0,12],[1,11,1,12],[58,12,94,12]]}
["2021年临江公司三固项目仪控普通备品备件采购清单"]
["序号","名称","型号","推荐品牌","单位","数量","限价","限额（元）","品牌/厂家","单价","金额","备注"]
[1,"本安用DCS电缆","IJYPVP 1×(2×1.5)","安徽万邦、浙江万马、江苏远东、江苏宝胜","米",200,5,{"$f":"F3*G3","v":1000}]
[2,"本安用DCS电缆","IJYPVP 1×(3×1.5)","安徽万邦、浙江万马、江苏远东、江苏宝胜","米",200,6,1200]
[3,"本安用DCS电缆","IJYPVP 2×2×1.5","安徽万邦、浙江万马、江苏远东、江苏宝胜","米",200,11,2200]
[4,"控制电缆","ZB-KFVPR  2×1.5","安徽万邦、浙江万马、江苏远东、江苏宝胜","米",200,8,1600]
[5,"控制电缆","ZB-KFVPR  4×1.5","安徽万邦、浙江万马、江苏远东、江苏宝胜","米",200,12,2400]
[6,"双金属温度计"," WSS-461-P0~100-8A-AN1/BF02A-T-20/16A400-A1HG/T20592-2009-DN25-PN16-RF","川仪、上自仪、天康","支",2,210,420,{"$nulls":3},"(1)结构形式:万向型；                   (2)表头直径(mm):100；                   (3)精度:±1.5% F.S.；                    (4)保护管外径:Φ8；                        (5)保护管材料:304；                    (6)表壳材质:304；                               (7)螺纹规格:1/2”NPT(M)；              (8)防护等级:IP65；                     (9)电接点报警:无；  ","(1)结构形式:整体钻孔锥形套管；                                               (2)套管材料:304；                               (3)套管外径:Φ16/20；                                   (4)插入深度(mm):200；                          (5)元件连接尺寸:NPT1/2\"(F)；                                 (6)安装固定方式,标准:                           固定法兰,HG/T 20592-2009；                        (7)尺寸,等级及密封面:DN25, PN16, RF； "]
[7,"双金属温度计"," WSS-461-P0~100-8A-AN1/BF02A-T-20/16A400-A1HG/T20592-2009-DN25-PN16-RF","川仪、上自仪、天康","支",4,210,840,{"$nulls":3},"(1)结构形式:万向型；                   (2)表头直径(mm):100；                   (3)精度:±1.5% F.S.；                    (4)保护管外径:Φ8；                        (5)保护管材料:304；                    (6)表壳材质:304；                               (7)螺纹规格:1/2”NPT(M)；              (8)防护等级:IP65；                     (9)电接点报警:无；  ","(1)结构形式:整体钻孔锥形套管；                                               (2)套管材料:304；                               (3)套管外径:Φ16/20；                                   (4)插入深度(mm):400；                          (5)元件连接尺寸:NPT1/2\"(F)；                                 (6)安装固定方式,标准:                           固定法兰,HG/T 20592-2009；                        (7)尺寸,等级及密封面:DN25, PN16, RF； "]
[8,"双金属温度计","0~150℃ WSS-461-P0~100-8A-AM20/BF02A-S-16HL550-HL1HG/T20592-2009-DN25-PN16-RF","川仪、上自仪、天康","支",1,210,210,{"$nulls":3},"(1)结构形式:万向型；                   (2)表头直径(mm):100；                  (3)精度:±1.5% F.S.；                    (4)保护管外径:Φ8；                        (5)保护管材料:304；                    (6)表壳材质:304；                               (7)螺纹规格:/；                       (8)防护等级:IP65；                     (9)电接点报警:无；  ","(1)结构形式:直形套管；                                               (2)套管材料:316L；                               (3)套管外径:Φ16；                                   (4)插入深度(mm):700×550；                          (5)元件连接尺寸:/；                                 (6)安装固定方式,标准:                          卡套法兰,HG/T 20592-2009；                        (7)尺寸,等级及密封面:DN25, PN16, RF；  "]
[9,"双金属温度计"," 0~250℃ WSS-461-P0~100-8A-AM20/BH01-T-28/18-220A70","川仪、上自仪、天康","支",3,210,630,{"$nulls":3},"(1)结构形式:万向型；                   (2)表头直径(mm):100；                  (3)精度:±1.5% F.S.；                    (4)保护管外径:Φ8；                        (5)保护管材料:304；                    (6)表壳材质:304；                               (7)螺纹规格:M20×1.5(F)；              (8)防护等级:IP65；                     (9)电接点报警:无；  ","(1)结构形式:焊接式整体钻孔锥形套管；                         (2)套管材料:304；                               (3)套管外径:Φ18/28；                                   (4)插入深度(mm):Lxl=220x70；                          (5)元件连接尺寸:M20×1.5(F)；                                 (6)安装固定方式,标准:                          焊接；                                          (7)尺寸,等级及密封面:/；  "]
[10,"阻旋式料位开关","RSBXSSFAA040FB-BFCAAX","川仪、上自仪、天康","件",2,1000,{"$f":"F12*G12","v":2000}]
[11,"阻旋式料位开关","RSBXSSFBA180FB-BFCAAX","川仪、上自仪、天康","件",2,1000,2000]
[12,"阻旋式料位开关","RSBXSSGAA040FB-BFCAAX","川仪、上自仪、天康","件",2,1500,3000]
[13,"阻旋式料位开关","RSBXSSGAA050FB-BFCAAX","川仪、上自仪、天康","件",2,1500,3000]
[14,"多功能仪表","NHR-5100D-27","虹润仪表、宇电、美控","只",5,800,4000]
[15,"多功能仪表","NHR-5200C-27","虹润仪表、宇电、美控","只",2,800,1600]
[16,"隔离栅","NHR-GZ-A32-14/14-0/0","虹润仪表、宇电、美控","块",3,500,1500]
[17,"电源模块","QS20","普尔世、台达、明纬","块",2,2000,4000,{"$nulls":3},"型号参照普尔世"]
[18,"电源模块","YR40.242","普尔世、台达、明纬","块",2,1200,2400,{"$nulls":3},"型号参照普尔世"]
[19,"压力开关","0811600      0.03-1mpa","上海远东、川仪、天康、上自仪","支",3,800,2400,{"$nulls":3},"(1)安测量元件类型:*；              (2)测量元件材质:304；              (3)重复性:≤1.5%；                                                  (4)触点动作形式:干接点；                                         (5)触点容量:    3A@220VAC,3A@30VDC；            (6)电气接口尺寸:M20×1.5(F)；               (7)防护等级:IP65；                                                              (8)防爆认证:/；                  (9)过程连接:法兰，HG/T20592-09；","(1)密封隔膜:有；                                  (2)隔片材质:316L；         (3)其它接液材质:316L；         (4)过程连接形式,标准:           螺纹；                    (5)尺寸,等级及密封面:           DN15,PN16,RF；              (6)法兰材质:316L；         (7)毛细管长度:/"]
[20,"压力开关","0811600      0.03-1mpa","上海远东、川仪、天康、上自仪","支",3,800,{"$f":"F22*G22","v":2400},{"$nulls":3},"1)安测量元件类型:*；              (2)测量元件材质:304；              (3)重复性:≤1.5%；                                                  (4)触点动作形式:干接点；                                         (5)触点容量:    3A@220VAC,3A@30VDC；            (6)电气接口尺寸:M20×1.5(F)；               (7)防护等级:IP65；                                                              (8)防爆认证:/；                  (9)过程连接:螺纹，M20*1.5(M)；"]
[21,"压力开关","0811500    0.03-0.6mpa","上海远东、川仪、天康、上自仪","支",3,800,2400,{"$nulls":3},"(1)安测量元件类型:*；              (2)测量元件材质:304；              (3)重复性:≤1.5%；                                                  (4)触点动作形式:干接点；                                         (5)触点容量:    3A@220VAC,3A@30VDC；            (6)电气接口尺寸:M20×1.5(F)；               (7)防护等级:IP65；                                                              (8)防爆认证:/；                  (9)过程连接:法兰，HG/T20592-09；","(1)密封隔膜:有；                                  (2)隔片材质:316L；         (3)其它接液材质:316L；         (4)过程连接形式,标准:           螺纹；                    (5)尺寸,等级及密封面:           DN15,PN16,RF；              (6)法兰材质:316L；         (7)毛细管长度:/"]
[22,"压力开关","0811500    0.03-0.6mpa","上海远东、川仪、天康、上自仪","支",3,800,2400,{"$nulls":3},"1)安测量元件类型:*；              (2)测量元件材质:304；              (3)重复性:≤1.5%；                                                  (4)触点动作形式:干接点；                                         (5)触点容量:    3A@220VAC,3A@30VDC；            (6)电气接口尺寸:M20×1.5(F)；               (7)防护等级:IP65；                                                              (8)防爆认证:/；                  (9)过程连接:螺纹，M20*1.5(M)；"]
[23,"压力开关","0811100       0-0.1mpa","上海远东、川仪、天康、上自仪","支",3,800,2400,{"$nulls":3},"(1)安测量元件类型:*；              (2)测量元件材质:304；              (3)重复性:≤1.5%；                                                  (4)触点动作形式:干接点；                                         (5)触点容量:    3A@220VAC,3A@30VDC；            (6)电气接口尺寸:M20×1.5(F)；               (7)防护等级:IP65；                                                              (8)防爆认证:/；                  (9)过程连接:法兰，HG/T20592-09；","(1)密封隔膜:有；                                  (2)隔片材质:316L；         (3)其它接液材质:316L；         (4)过程连接形式,标准:           螺纹；                    (5)尺寸,等级及密封面:           DN15,PN16,RF；              (6)法兰材质:316L；         (7)毛细管长度:/"]
[24,"压力开关","0811100       0-0.1mpa","上海远东、川仪、天康、上自仪","支",3,800,2400,{"$nulls":3},"1)安测量元件类型:*；              (2)测量元件材质:304；              (3)重复性:≤1.5%；                                                  (4)触点动作形式:干接点；                                         (5)触点容量:    3A@220VAC,3A@30VDC；            (6)电气接口尺寸:M20×1.5(F)；               (7)防护等级:IP65；                                                              (8)防爆认证:/；                  (9)过程连接:螺纹，M20*1.5(M)；"]
[25,"压力开关","0811200      0-0.16mpa","上海远东、川仪、天康、上自仪","支",3,800,2400,{"$nulls":3},"1)安测量元件类型:*；              (2)测量元件材质:304；              (3)重复性:≤1.5%；                                                  (4)触点动作形式:干接点；                                         (5)触点容量:    3A@220VAC,3A@30VDC；            (6)电气接口尺寸:M20×1.5(F)；               (7)防护等级:IP65；                                                              (8)防爆认证:/；                  (9)过程连接:螺纹，M20*1.5(M)；"]
[26,"压力开关","0811200      0-0.16mpa","上海远东、川仪、天康、上自仪","支",3,800,2400,{"$nulls":3},"(1)安测量元件类型:*；              (2)测量元件材质:304；              (3)重复性:≤1.5%；                                                  (4)触点动作形式:干接点；                                         (5)触点容量:    3A@220VAC,3A@30VDC；            (6)电气接口尺寸:M20×1.5(F)；               (7)防护等级:IP65；                                                              (8)防爆认证:/；                  (9)过程连接:法兰，HG/T20592-09；","(1)密封隔膜:有；                                  (2)隔片材质:316L；         (3)其它接液材质:316L；         (4)过程连接形式,标准:           螺纹；                    (5)尺寸,等级及密封面:           DN15,PN16,RF；              (6)法兰材质:316L；         (7)毛细管长度:/"]
[27,"一体化温度变送器分体式）","SBWR-1E-TS1(0-1300)/9M2SS10000/WRKL2-5722-1MFA-1050P900P900-A1HG/T20592-2009-DN25-PN16-RF","上自仪、川仪、天康","件",10,1300,13000,{"$nulls":3},"1)结构形式:整体钻孔锥形套管；                         2)套管材料:耐高温、耐腐蚀金属；                               3)套管外径:Φ20/22；                                   4)插入深度mm):900；                            5)元件连接尺寸:M20×1.5；                                 6)安装固定方式,标准:                            固定法兰,HG/T 20592-2009；                         7)尺寸,等级及密封面:DN50, PN16, RF；   ","1)分度号:K,偶丝直径3.2mm；                      2)精度:I级；                 3)测温元件数量:2；           4)结构形式:                  铠装/绝缘型；                                      5)保护管外径:*；                      6)保护管材料:*；             7)固定装置规格:M20×1.5；"]
[28,"一体化温度变送器分体式）","SBWR-1E-TS1(0-1300)/9M2SS10000/WRKL2-5322-1M-1050P900P900-A1HG/T20592-2009-DN25-PN16-RF","上自仪、川仪、天康","件",10,1300,13000,{"$nulls":3},"1)结构形式:整体钻孔锥形套管；                         2)套管材料:耐高温、耐腐蚀金属；                               3)套管外径:Φ20/22；                                   4)插入深度mm):900；                            5)元件连接尺寸:M20×1.5；                                 6)安装固定方式,标准:                            固定法兰,HG/T 20592-2009；                         7)尺寸,等级及密封面:DN50, PN16, RF；   ","1)分度号:K,偶丝直径3.2mm；                      2)精度:I级；                 3)测温元件数量:2；           4)结构形式:                  铠装/绝缘型；                                      5)保护管外径:*；                      6)保护管材料:*；             7)固定装置规格:M20×1.5；"]
[29,"一体化温度变送器分体式）","SBWR-1E-TS1(0-1300)/9M2SS10000/WRKL2-5320-1M-1050R900-A1HG/T20592-2009-DN25-PN16-RF","上自仪、川仪、天康","件",25,1300,32500,{"$nulls":3},"1)结构形式:直形套管；                           2)套管材料:刚玉质；                               3)套管外径:Φ20；                                   4)插入深度mm):900；                             5)元件连接尺寸:M20×1.5；                                 6)安装固定方式,标准:                           固定法兰,HG/T 20592-2009；                          7)尺寸,等级及密封面:DN50, PN16, RF； ","1)分度号:K,偶丝直径3.2mm；                      2)精度:I级；                  3)测温元件数量:2；            4)结构形式:                  铠装/绝缘型；                                      5)保护管外径:*；                      6)保护管材料:*；             7)固定装置规格:M20×1.5；"]
[30,"一体化温度变送器","SBWR-1-TS1(0~1100)/WRGKK2-33SG-1J1050P-M-AM20/BF02A-S-16P900-H1HG/T20592-2009-DN25-PN16-RF","上自仪、川仪、天康","件",2,900,1800,{"$nulls":3},"1)结构形式:整体钻孔锥形套管；                         2)套管材料:310S；                               3)套管外径:Φ16；                                   4)插入深度mm):900；                            5)元件连接尺寸:M20×1.5；                                 6)安装固定方式,标准:                            固定法兰,HG/T 20592-2009；                         7)尺寸,等级及密封面:DN25, PN16, RF；  ","1)分度号:K；                      2)精度:I级；                  3)测温元件数量:2；            4)结构形式:                  铠装/绝缘型；                                      5)保护管外径:*；                      6)保护管材料:Φ6；           7)固定装置规格:M20×1.5；"]
[31,"一体化温度变送器","SBWR-1-TS1(0~800)/WRGKK2-33SG-1J1650G-M-AM20/BF03-S-16HL1500-HL1HG/T20592-2009-DN25-PN16-RF","上自仪、川仪、天康","件",2,900,1800,{"$nulls":3},"1)结构形式:直形套管；                           2)套管材料:316L；                               3)套管外径:Φ16；                                   4)插入深度mm):1500；                            5)元件连接尺寸:M20×1.5；                                 6)安装固定方式,标准:                            固定法兰,HG/T 20592-2009；                         7)尺寸,等级及密封面:DN25, PN16, RF；      ","1)分度号:K；                      2)精度:I级；                 3)测温元件数量:2；           4)结构形式:                  铠装/绝缘型；                                      5)保护管外径:*；                      6)保护管材料:Φ6；           7)固定装置规格:M20×1.5"]
[32,"一体化温度变送器","SBWZ-4-TS1(0~250)/WZPK2-6316-A3P2JGM-WH500A350-A1HG/T20592-2009-DN25-PN16-RF","上自仪、川仪、天康","件",2,500,1000,{"$nulls":3},"1)结构形式:直形套管；                           2)套管材料:304；                               3)套管外径:Φ16；                                   4)插入深度mm):500×350；                          5)元件连接尺寸:/；                                 6)安装固定方式,标准:                            卡套法兰,HG/T 20592-2009；                      7)尺寸,等级及密封面:DN25, PN16, RF；    ","1)分度号:PT100；                      2)精度:A级；                 3)测温元件数量:2；           4)结构形式:                   铠装/绝缘型；                   5)保护管外径:Φ6；                      6)保护管材料:304；           7)固定装置规格:/；"]
[33,"一体化温度变送器","SBWZ-4-TS1(0~250)/WZGPK2-33SG-P2AJ370G-M-AM20/BH01-T-28/18-220A70","上自仪、川仪、天康","件",2,500,1000,{"$nulls":3},"1)结构形式:焊接式整体钻孔锥形套管；                         2)套管材料:304；                               3)套管外径:Φ18/28；                                   4)插入深度mm):Lxl=220x70；                          5)元件连接尺寸:M20×1.5；                                 6)安装固定方式,标准:                           焊接；                                          7)尺寸,等级及密封面:/； ","1)分度号:PT100；                      2)精度:A级；                 3)测温元件数量:2；           4)结构形式:                  铠装/绝缘型；                   5)保护管外径:Φ6；                      6)保护管材料:304；           7)固定装置规格:M20×1.5；"]
[34,"一体化温度变送器","SBWZ-4-TS1(0~250)/WZGPK2-33SG-P2AJ350G-M-AM20/BF02A-S-16A200-A1HG/T20592-2009-DN25-PN16-RF","上自仪、川仪、天康","件",2,500,1000,{"$nulls":3},"1)结构形式:整体钻孔锥形套管；                         2)套管材料:304；                               3)套管外径:Φ16；                                   4)插入深度mm):200；                            5)元件连接尺寸:M20×1.5；                                 6)安装固定方式,标准:                            固定法兰,HG/T 20592-2009；                         7)尺寸,等级及密封面:DN25, PN25, RF；","1)分度号:PT100；                      2)精度:A级；                 3)测温元件数量:2；           4)结构形式:                  铠装/绝缘型；                                      5)保护管外径:*；                      6)保护管材料:Φ6；           7)固定装置规格:M20×1.5；"]
[35,"一体化温度变送器","SBWZ-4-TS1(0~250)/WZGPK2-33SG-P2AJ550G-M-AM20/BF02A-T-20/16A400-A1HG/T20592-2009-DN25-PN16-RF","上自仪、川仪、天康","件",2,500,1000,{"$nulls":3},"1)结构形式:整体钻孔锥形套管；                         2)套管材料:304；                               3)套管外径:Φ16/20；                                   4)插入深度mm):400；                            5)元件连接尺寸:M20×1.5；                                 6)安装固定方式,标准:                            固定法兰,HG/T 20592-2009；                         7)尺寸,等级及密封面:DN25, PN16, RF；","1)分度号:PT100；                      2)精度:A级；                  3)测温元件数量:2；            4)结构形式:                  铠装/绝缘型；                                      5)保护管外径:*；                      6)保护管材料:Φ6；           7)固定装置规格:M20×1.5；"]
[36,"一体化温度变送器","SBWZ-4-TS1(0~800)/WZPK2-6316-1JG3M-WH850HL700-HL1HG/T20592-2009-DN25-PN16-RF","上自仪、川仪、天康","件",2,900,1800,{"$nulls":3},"1)结构形式:直形套管；                          2)套管材料:316L；                               3)套管外径:Φ16；                                   4)插入深度mm):850×700；                          5)元件连接尺寸:/；                                 6)安装固定方式,标准:                            卡套法兰,HG/T 20592-2009；                         7)尺寸,等级及密封面:DN25, PN16, RF；   ","1)分度号:K；                      2)精度:I级；                 3)测温元件数量:2；           4)结构形式:                  铠装/绝缘型；                                      5)保护管外径:*；                      6)保护管材料:Φ6；           7)固定装置规格:/；"]
[37,"一体化温度变送器","SBWZ-4-TS1(0~400)/WZPK2-6316-A3P2JGM-WH800HL650-HL1HG/T20592-2009-DN25-PN16-RF","上自仪、川仪、天康","件",2,500,1000,{"$nulls":3},"1)结构形式:直形套管；                           2)套管材料:316L；                               3)套管外径:Φ16；                                   4)插入深度mm):800×650；                          5)元件连接尺寸:/；                                 6)安装固定方式,标准:                            卡套法兰,HG/T 20592-2009；                         7)尺寸,等级及密封面:DN25, PN16, RF；           ","1)分度号:PT100；                      2)精度:A级；                 3)测温元件数量:2；           4)结构形式:                  铠装/绝缘型；                                      5)保护管外径:*；                      6)保护管材料:Φ6；           7)固定装置规格:/；"]
[38,"一体化温度变送器","SBWZ-4-TS1(0~250)/WZPK2-6316-A3P2JGM-WH850HL700-HL1HG/T20592-2009-DN25-PN16-RF","上自仪、川仪、天康","件",2,500,1000,{"$nulls":3},"1)结构形式:直形套管；                           2)套管材料:316L；                               3)套管外径:Φ16；                                   4)插入深度mm):850×700；                          5)元件连接尺寸:/；                                 6)安装固定方式,标准:                            卡套法兰,HG/T 20592-2009；                         7)尺寸,等级及密封面:DN25, PN16, RF；","1)分度号:PT100；                      2)精度:A级；                 3)测温元件数量:2；           4)结构形式:                  铠装/绝缘型；                                      5)保护管外径:*；                      6)保护管材料:Φ6；           7)固定装置规格:/；"]
[39,"一体化温度变送器","SBWZ-4-TS1(0~250)/WZPK2-6316-A3P2JGM-WH600HL450-HL1HG/T20592-2009-DN25-PN16-RF","上自仪、川仪、天康","支",2,500,1000,{"$nulls":3},"1)结构形式:直形套管；                           2)套管材料:316L；                               3)套管外径:Φ16；                                   4)插入深度mm):600×450；                          5)元件连接尺寸:/；                                 6)安装固定方式,标准:                            卡套法兰,HG/T 20592-2009；                         7)尺寸,等级及密封面:DN25, PN16, RF；  ","1)分度号:PT100；                      2)精度:A级；                 3)测温元件数量:2；           4)结构形式:                  铠装/绝缘型；                                      5)保护管外径:*；                      6)保护管材料:Φ6；           7)固定装置规格:/；"]
[40,"一体化温度变送器","SBWZ-4-TS1(0~250)/WZPK2-6316-A3P2JGM-WH850HL700-HL1HG/T20592-2009-DN25-PN16-RF","上自仪、川仪、天康","支",2,500,1000,{"$nulls":3},"1)结构形式:直形套管；                           2)套管材料:316L；                               3)套管外径:Φ16；                                   4)插入深度mm):850×700；                          5)元件连接尺寸:/；                                 6)安装固定方式,标准:                            卡套法兰,HG/T 20592-2009；                         7)尺寸,等级及密封面:DN25, PN16, RF；           ","1)形式:与传感器一体式；                  2)精度:±0.15%；                         3)输出信号:4~20mA两线制环路供电电)；                              4)输出指示表:无；                        5)电气接口尺寸:M20×1.5；                 6)接线盒材料:铝；                        7)防护等级:IP65；                        8)防爆认证:/；  "]
[41,"一体化温度变送器","SBWZ-4-TS1(0~150)/WZGPK2-73SG-P2AJ350G-MFA-AM20/BF02A-S-16A200-A1HG/T20592-2009-DN25-PN16-RF","上自仪、川仪、天康","支",2,500,1000,{"$nulls":3},"1)结构形式:整体钻孔锥形套管；                         2)套管材料:304；                               3)套管外径:Φ16；                                   4)插入深度mm):200；                            5)元件连接尺寸:M20×1.5；                                 6)安装固定方式,标准:                           固定法兰,HG/T 20592-2009；                         7)尺寸,等级及密封面:DN25, PN16, RF；","1)分度号:PT100；                      2)精度:A级；                  3)测温元件数量:2；           4)结构形式:                   铠装/绝缘型；                                      5)保护管外径:Φ6；                      6)保护管材料:304；           7)固定装置规格:M20×1.5；"]
[42,"可调角型双金属温度计","WSS-481 量程：0～100℃，插深：200mm，保护管直径：φ12；精度等级：1.5级；表盘直径：φ100。","上自仪、川仪、天康","支",4,200,{"$f":"F44*G44","v":800}]
[43,"可调角型双金属温度计","WSS-481 量程：0～100℃，插深：75mm，保护管直径：φ12；精度等级：1.5级；表盘直径：φ100","上自仪、川仪、天康","支",4,200,800]
[44,"热电阻","WZGPK2-33SG-P2AJ550G-M-AM20/BF02A-S-12A400F-A1HG/T20592-2009-DN25-PN16-RF","上自仪、川仪、天康","支",2,900,1800,{"$nulls":3},"1)结构形式:整体钻孔锥形套管；                                               2)套管材料:304+PTFE接液材质PTFE)；                               3)套管外径:Φ16/20；                                   4)插入深度mm):400；                             5)元件连接尺寸:M20×1.5；                                 6)安装固定方式,标准:                           固定法兰,HG/T 20592-2009；                          7)尺寸,等级及密封面:DN25, PN16, RF","1)分度号:PT100；                      2)精度:A级；                  3)测温元件数量:2；            4)结构形式:                  铠装/绝缘型；                   5)保护管外径:Φ6；                      6)保护管材料:304；           7)固定装置规格:M20×1.5；"]
[45,"铠装芯式装配热电阻","WZP-230(K) 单支 Pt100，插深：1200mm，保护管直径：1mm，电气接口：M20×1.5","上自仪、川仪、天康","支",4,200,800]
[46,"铠装芯式装配热电阻","WZP-230(K) 单支 Pt100，插深：150mm，保护管直径：1mm，电气接口：M20×1.5","上自仪、川仪、天康","支",5,200,1000]
[47,"铠装芯式装配热电阻","WZP-230(K) 单支 Pt100，插深：75mm，保护管直径：1mm，电气接口：M20×1.5","上自仪、川仪、天康","支",2,200,400]
[48,"安全阀","A18Y-16C DN100","浙江永一、浙江天和、浙江志泰","件",1,1700,1700]
[49,"安全阀","A18Y-16 DN80","浙江永一、浙江天和、浙江志泰","件",1,1500,1500]
[50,"安全阀","A28Y-16K DN25","浙江永一、浙江天和、浙江志泰","件",1,700,700]
[51,"安全阀","A48Y-16C DN32","浙江永一、浙江天和、浙江志泰","件",1,650,650]
[52,"安全阀","A48Y-16C DN65","浙江永一、浙江天和、浙江志泰","件",1,1200,1200]
[53,"安全阀","A48Y-16C DN80","浙江永一、浙江天和、浙江志泰","件",1,1450,1450]
[54,"安全阀","A48Y-16C DN25","浙江永一、浙江天和、浙江志泰","件",1,600,600]
[55,"安全阀 ","型号：ZTA48Y-10C，DN100，介质温度：150℃；起跳压力：0.5MPa；","浙江永一、浙江天和、浙江志泰","件",1,1700,1700]
[56,"安全阀 ","型号：ZTA48Y-10C，DN40，介质温度：150℃；起跳压力：0.5MPa；","浙江永一、浙江天和、浙江志泰","件",1,1700,1700]
[57,"不锈钢压力表","Y-100BF，304不锈钢，0-1.0MPa,1.6级","川仪、上自仪、天康","支",5,180,900,{"$nulls":3},"M20x1.5(M)","隔膜材质316L"]
[58,"不锈钢压力表","Y-100BF、304不锈钢，0-2.5MPa,1.6级","川仪、上自仪、天康","支",5,180,900,{"$nulls":3},"M20x1.5(M)"]
[59,"不锈钢压力表","Y-100H/316L，量程：-0.1-0.6MPa；","川仪、上自仪、天康","支",5,200,1000,{"$nulls":3},"M20x1.5(M)"]
[60,"不锈钢压力表","Y-100H/316L，量程：0-0.6MPa","川仪、上自仪、天康","支",5,200,1000,{"$nulls":3},"M20x1.5(M)"]
[61,"不锈钢压力表","Y-100H/316L，量程：0-1.0MPa；","川仪、上自仪、天康","支",5,200,1000,{"$nulls":3},"M20x1.5(M)"]
[62,"不锈钢压力表","YE-100BF、304不锈钢，-100~+60KPa","川仪、上自仪、天康","支",5,180,900,{"$nulls":3},"M20x1.5(M)"]
[63,"不锈钢微压表","YE-100H/316/SR 0~10kPa","川仪、上自仪、天康","支",5,440,2200,{"$nulls":3},"M20x1.5(M)"]
[64,"不锈钢微压表","YE-100H/316/SR 0~2.5kPa","川仪、上自仪、天康","支",5,440,2200,{"$nulls":3},"M20x1.5(M)"]
[65,"不锈钢微压表","YE-100H/316/SR 0~4kPa","川仪、上自仪、天康","支",5,440,2200,{"$nulls":3},"M20x1.5(M)"]
[66,"不锈钢微压表","YE-100H/316/SR 0~6kPa","川仪、上自仪、天康","支",5,440,2200,{"$nulls":3},"M20x1.5(M)"]
[67,"不锈钢微压表","YE-100H/316/SR -2~2kPa","川仪、上自仪、天康","支",5,440,2200,{"$nulls":3},"M20x1.5(M)"]
[68,"不锈钢压力表","YTH-100MLB +316L/316L/SR，0~2.5MPa","川仪、上自仪、天康","支",5,560,{"$f":"F70*G70","v":2800},{"$nulls":3},"M20x1.5(M)"]
[69,"不锈钢压力表","YTH-100MLB +316L/316L/SR，0~4.0MPa ","川仪、上自仪、天康","支",5,560,2800,{"$nulls":3},"M20x1.5(M)"]
[70,"耐震隔膜压力表","YTHN-100 MFB，量程：0~0.6Mpa；","川仪、上自仪、天康","支",5,560,2800,{"$nulls":3},"DN15 PN16 RF"]
[71,"耐震隔膜压力表","YTHN-100 MFB，量程：0~1.0Mpa；","川仪、上自仪、天康","支",5,560,2800,{"$nulls":3},"DN15 PN16 RF"]
[72,"不锈钢耐震压力表","YTHN-100/316 0~0.1MPa","川仪、上自仪、天康","支",5,200,1000,{"$nulls":3},"M20x1.5(M)"]
[73,"不锈钢耐震压力表","YTHN-100/316 0~0.25MPa","川仪、上自仪、天康","支",5,200,1000,{"$nulls":3},"M20x1.5(M)"]
[74,"不锈钢耐震压力表","YTHN-100/316 0~0.4MPa","川仪、上自仪、天康","支",5,200,1000,{"$nulls":3},"M20x1.5(M)"]
[75,"不锈钢耐震压力表","YTHN-100/316 0~1.0MPa","川仪、上自仪、天康","支",5,200,1000,{"$nulls":3},"M20x1.5(M)"]
[76,"不锈钢压力表","YTHN-100/316 0~1.0MPa","川仪、上自仪、天康","支",5,560,2800,{"$nulls":3},"M20x1.5(M)"]
[77,"不锈钢耐震压力表","YTHN-100/316 0~1.6MPa","川仪、上自仪、天康","支",5,200,1000,{"$nulls":3},"M20x1.5(M)"]
[78,"不锈钢压力表","YTHN-100/316 0~1.6MPa","川仪、上自仪、天康","支",5,200,1000,{"$nulls":3},"M20x1.5(M)"]
[79,"不锈钢耐震隔膜压力表","YTHN-100MFB3 +316L/316L/SR 0~0.4MPa","川仪、上自仪、天康","支",5,770,3850,{"$nulls":3},"DN15 PN16 RF           "]
[80,"不锈钢耐震隔膜压力表","YTHN-100MFB3 +316L/316L/SR 0~0.6MPa","川仪、上自仪、天康","支",5,770,3850,{"$nulls":3},"DN15 PN16 RF"]
[81,"不锈钢耐震隔膜压力表","YTHN-100MFB3 +316L/316L/SR 0~1.0MPa","川仪、上自仪、天康","支",5,770,3850,{"$nulls":3},"DN15 PN16 RF"]
[82,"不锈钢耐震隔膜压力表","YTHN-100MFB3 +316L/316L/SR 0~1.6MPa","川仪、上自仪、天康","支",5,770,3850,{"$nulls":3},"DN15 PN16 RF"]
[83,"不锈钢耐震隔膜压力表","YTHN-100MLB +316L/316L/SR 0~0.25MPa","川仪、上自仪、天康","支",5,560,2800,{"$nulls":3},"DN15 PN16 RF"]
[84,"不锈钢氨用隔膜压力表","YTHN-100MLB +316L/316L/SR 0~0.4MPa","川仪、上自仪、天康","支",5,560,2800,{"$nulls":3},"DN15 PN16 RF"]
[85,"不锈钢耐震隔膜压力表","YTHN-100MLB +316L/316L/SR 0~0.4MPa","川仪、上自仪、天康","支",5,560,2800,{"$nulls":3},"DN25 PN16 RF"]
[86,"不锈钢耐震隔膜压力表","YTHN-100MLB +316L/316L/SR 0~1.0MPa","川仪、上自仪、天康","支",5,560,2800,{"$nulls":3},"DN25 PN16 RF"]
[87,"不锈钢耐震隔膜压力表","YTHN-100MLB +316L/316L/SR 0~1.6MPa","川仪、上自仪、天康","支",5,560,2800,{"$nulls":3},"DN25 PN16 RF"]
[88,"不锈钢压力表","YTHN-100MLB +316L/316L/SR 0~1.6MPa","川仪、上自仪、天康","支",5,560,2800,{"$nulls":3},"M20x1.5(M)"]
[89,"不锈钢耐震隔膜压力表","YTHN-100MLB +316L/316L/SR 0~2.5MPa","川仪、上自仪、天康","支",5,560,2800,{"$nulls":3},"DN25 PN16 RF"]
[90,"不锈钢耐震隔膜压力表","YTHN-100MLB +316L/316L/SR 0~4.0MPa","川仪、上自仪、天康","支",5,560,2800,{"$nulls":3},"DN25 PN16 RF"]
[91,"不锈钢压力表","YTHN-100MLB +316L/316L/SR 0~4.0MPa ","川仪、上自仪、天康","支",5,560,2800,{"$nulls":3},"M20x1.5(M)"]
[92,"不锈钢耐震隔膜压力表","YTHN-150MLB +316L/316L/SR 0~2.5MPa","川仪、上自仪、天康","支",5,610,3050,{"$nulls":3},"DN25 PN16 RF"]
[93,"就地抗震压力表","型号：YJHN-60、量程：0-3000Pa、材质：SUS304","川仪、上自仪、天康","支",5,100,500,{"$nulls":3},"M20x1.5(M)"]
[94,"合计",{"$nulls":5},{"$f":"SUM(H3:H95)","v":223750}]